000 00417cam a22001097a 4500
008 180718b1946 xxu||||| |||| 00| 0 eng d
082 _aB135x54 In2d
245 _aDeveloping village India: studies in village problems
_cby Imperial Council of Agircultural Research
260 _aNew Delhi
_bImperial Council of Agricultural Research
_c1946
300 _a291+p.
700 _aIndia. Imperial Council of Agricultural Research
999 _c392367
_d392367